| 000 | 00342nam a2200145Ia 4500 | ||
|---|---|---|---|
| 008 | 230917s9999||||xx |||||||||||||| ||und|| | ||
| 040 |
_e108552 _aMAIN |
||
| 041 | _aEnglish | ||
| 082 | _a658.788 L435E | ||
| 100 | _aLawrence,Barry F | ||
| 245 | 0 | _aE-distribution | |
| 260 |
_aAustralia _bThomson _c2003 |
||
| 300 | _a248p. p. | ||
| 942 | _cBK | ||
| 999 |
_c121045 _d121045 |
||